header

Challenges, lessons, and prospects for operationalizing regional projects in Asia : (Record no. 85963)

MARC details
000 -LEADER
fixed length control field 02120nam a2200433 i 4500
001 - CONTROL NUMBER
control field ebr10821911
003 - CONTROL NUMBER IDENTIFIER
control field CaPaEBR
006 - FIXED-LENGTH DATA ELEMENTS--ADDITIONAL MATERIAL CHARACTERISTICS--GENERAL INFORMATION
fixed length control field m o d
007 - PHYSICAL DESCRIPTION FIXED FIELD--GENERAL INFORMATION
fixed length control field cr cn|||||||||
008 - FIXED-LENGTH DATA ELEMENTS--GENERAL INFORMATION
fixed length control field 131101t20142014dcud ob 001 0 eng|d
020 ## - INTERNATIONAL STANDARD BOOK NUMBER
Cancelled/invalid ISBN 9781464801389 (pbk. : alk. paper)
International Standard Book Number 9781464801396 (e-book)
040 ## - CATALOGING SOURCE
Original cataloging agency CaPaEBR
Language of cataloging eng
Description conventions rda
-- pn
Transcribing agency CaPaEBR
035 ## - SYSTEM CONTROL NUMBER
System control number (OCoLC)868489478
043 ## - GEOGRAPHIC AREA CODE
Geographic area code a------
050 14 - LIBRARY OF CONGRESS CALL NUMBER
Classification number KDZ742.A85
Item number U67 2014eb
082 04 - DEWEY DECIMAL CLASSIFICATION NUMBER
Classification number 338.91095
Edition number 23
100 1# - MAIN ENTRY--PERSONAL NAME
Personal name Uprety, Kishor,
Dates associated with a name 1958-
245 10 - TITLE STATEMENT
Title Challenges, lessons, and prospects for operationalizing regional projects in Asia :
Remainder of title legal and institutional aspects /
Statement of responsibility, etc Kishor Uprety.
264 #1 - PRODUCTION, PUBLICATION, DISTRIBUTION, MANUFACTURE, AND COPYRIGHT NOTICE
Place of production, publication, distribution, manufacture Washington, DC :
Name of producer, publisher, distributor, manufacturer The World Bank,
Date of production, publication, distribution, manufacture, or copyright notice [2014]
Date of production, publication, distribution, manufacture, or copyright notice �2014
300 ## - PHYSICAL DESCRIPTION
Extent 1 online resource (95 pages) :
Other physical details illustrations.
336 ## - CONTENT TYPE
Content type term text
Source rdacontent
337 ## - MEDIA TYPE
Media type term computer
Source rdamedia
338 ## - CARRIER TYPE
Carrier type term online resource
Source rdacarrier
440 #0 - SERIES STATEMENT/ADDED ENTRY--TITLE
Title World Bank studies
500 ## - GENERAL NOTE
General note "A World Bank study"--Verso.
504 ## - BIBLIOGRAPHY, ETC. NOTE
Bibliography, etc Includes bibliographical references and index.
505 0# - FORMATTED CONTENTS NOTE
Formatted contents note General setting -- World Bank approach -- Political will and commitment -- General legal structures for regional projects -- Uniqueness and challenges for Asia -- Prospects and proposals.
588 ## - SOURCE OF DESCRIPTION NOTE
Source of description note Description based on print version record.
590 ## - LOCAL NOTE (RLIN)
Local note Electronic reproduction. Palo Alto, Calif. : ebrary, 2014. Available via World Wide Web. Access may be limited to ebrary affiliated libraries.
610 20 - SUBJECT ADDED ENTRY--CORPORATE NAME
Corporate name or jurisdiction name as entry element World Bank.
650 #0 - SUBJECT ADDED ENTRY--TOPICAL TERM
Topical term or geographic name as entry element Economic development projects
General subdivision Law and legislation
Geographic subdivision Asia.
Topical term or geographic name as entry element Economic development projects
Geographic subdivision Asia
General subdivision Finance.
655 #0 - INDEX TERM--GENRE/FORM
Genre/form data or focus term Electronic books.
776 08 - ADDITIONAL PHYSICAL FORM ENTRY
Display text Print version:
Main entry heading Uprety, Kishor.
Title Challenges, lessons, and prospects for operationalizing regional projects in Asia : legal and institutional aspects.
Place, publisher, and date of publication Washington, DC : The World Bank, [2014]
Physical description xvi, 74 pages
Series data for related item World Bank studies
International Standard Book Number 9781464801389
Record control number (DLC) 2013043939
797 2# - LOCAL ADDED ENTRY--CORPORATE NAME (RLIN)
Corporate name or jurisdiction name as entry element ebrary.
856 40 - ELECTRONIC LOCATION AND ACCESS
Uniform Resource Identifier <a href="http://site.ebrary.com/lib/rucke/Doc?id=10821911">http://site.ebrary.com/lib/rucke/Doc?id=10821911</a>
Public note An electronic book accessible through the World Wide Web; click to view

No items available.

© 2026 Rongo University
Contact us: librarian | system librarian | Rongo university